[Event "Barueri op 3rd"]
[Site "Barueri"]
[Date "2019.04.21"]
[Round "5"]
[White "Pertuzatti, Daniel"]
[Black "Pereira, Juliano Resende M"]
[Result "0-1"]
[WhiteElo "1940"]
[BlackElo "2210"]
[PlyCount "62"]
[EventDate "2019.04.19"]
[EventType "swiss"]
[EventRounds "6"]
[EventCountry "BRA"]
[SourceTitle "CBM 190 Extra"]
[Source "ChessBase"]
[SourceDate "2019.07.15"]
[SourceVersion "1"]
[SourceVersionDate "2019.07.15"]
[SourceQuality "1"]

1. e4 e6 2. d4 d5 3. e5 c5 4. c3 Nc6 5. Nf3 Qb6 6. a3 Nh6 7. b4 cxd4 8. b5 Na5 9. Bxh6 gxh6 10. cxd4 Bd7 11. Nbd2 Rc8 12. Bd3 Bg7 13. 0-0 Rc3 14. Be2 0-0 15. Nb1 Rc7 16. a4 f6 17. Ra3 Be8 18. exf6 Bxf6 19. Ne5 Bg6 20. Rg3 Bxe5 21. dxe5 Nc4 22. h4 Kh8 23. Qc1 Bxb1 24. Qxh6 Rff7 25. Bh5 Rg7 26. Rxg7 Rxg7 27. Rxb1 Qd4 28. Qxe6 Qe4 29. Qc8+ Rg8 30. Qh3 Qxb1+ 31. Kh2 Qe4 0-1

[Event "Barueri op 3rd"]
[Site "Barueri"]
[Date "2019.04.19"]
[Round "2"]
[White "Pereira, Juliano Resende M"]
[Black "Tamarozi, Isabelle"]
[Result "1-0"]
[WhiteElo "2210"]
[BlackElo "1950"]
[PlyCount "43"]
[EventDate "2019.04.19"]
[EventType "swiss"]
[EventRounds "6"]
[EventCountry "BRA"]
[SourceTitle "CBM 190 Extra"]
[Source "ChessBase"]
[SourceDate "2019.07.15"]
[SourceVersion "1"]
[SourceVersionDate "2019.07.15"]
[SourceQuality "1"]

1. c4 g6 2. Nc3 Bg7 3. g3 d6 4. Bg2 Nc6 5. e3 e5 6. Nge2 Be6 7. d4 exd4 8. exd4 Bxc4 9. Qa4 d5 10. b3 Ba6 11. 0-0 Nge7 12. Rd1 0-0 13. Nf4 Nf5 14. Nfxd5 Nfxd4 15. Ba3 Re8 16. Rab1 Qc8 17. Bc5 Ne6 18. Be3 Rb8 19. Ne4 Kh8 20. Nef6 Nf8 21. Nxe8 Qxe8 22. Nxc7 1-0

[Event "Sao Paulo Carnaval op"]
[Site "Sao Paulo"]
[Date "2019.03.03"]
[Round "3"]
[White "Desideri, Ricardo Maruchi"]
[Black "Pereira, Juliano Resende M"]
[Result "1-0"]
[WhiteElo "1915"]
[BlackElo "2215"]
[PlyCount "57"]
[EventDate "2019.03.02"]
[EventType "swiss"]
[EventRounds "7"]
[EventCountry "BRA"]
[SourceTitle "EXT 2020"]
[Source "ChessBase"]
[SourceDate "2019.10.17"]
[SourceVersion "1"]
[SourceVersionDate "2019.10.17"]
[SourceQuality "1"]

1. e4 e6 2. d4 d5 3. e5 c5 4. c3 Nc6 5. Nf3 Qb6 6. Be2 cxd4 7. cxd4 Nge7 8. Na3 Nf5 9. Nc2 Bb4+ 10. Kf1 Be7 11. h4 f6 12. g4 Nfxd4 13. Ncxd4 fxe5 14. Nxc6 bxc6 15. Nxe5 0-0 16. f4 Bd6 17. Nc4 Qc7 18. Nxd6 Qxd6 19. Kg2 e5 20. fxe5 Qxe5 21. Rf1 Be6 22. Bf3 d4 23. Qe2 Qd6 24. Bd2 Rae8 25. Rae1 Qd7 26. Bb4 Bxg4 27. Qc4+ Kh8 28. Bxc6 Be2 29. Bxd7 1-0